000 00315nam a22001457a 4500
008 210311b ||||| |||| 00| 0 eng d
020 _a9780959774665
041 _aeng
080 _a615.83
082 _a615.83
100 _a8
101 _aEGZ
245 _aTreat your own Back
_cMcKenzie, R
942 _2udc
_cBK
999 _c56357
_d56357